| 000 | 00000nam##2200000za#4500 |
| 001 | 9.601365 |
| 003 | CaOODSP |
| 005 | 20210624210035 |
| 007 | cr ||||||||||| |
| 008 | 150406|2006||||xxc|||||o f|0| 0 fre|d |
| 040 | |aCaOODSP|bfre |
| 043 | |an-cn--- |
| 086 | 1 |aYC11-0/391-9F-PDF |
| 110 | 1 |aCanada. |bParlement. |bSénat. |bComité sénatorial permanent des banques et du commerce. |
| 245 | 10|aComment endiguer l'hémorragie de l'argent illicite - une priorité pour le Canada : |h[ressource électronique]|bexamen parlementaire de la Loi sur le recyclage des produits de la criminalité et le financement des activités terroristes / |cL'honorable Jerahmiel S. (Jerry) Grafstein, c.r., président; L'honorable W. David Angus, c.r., vice-président. |
| 246 | 3 |aRapport provisoire du Comité sénatorial permanent des banques et du commerce |
| 260 | |aOttawa - Ontario : |bSénat. |cOctobre 2006. |
| 300 | |a51p. |
| 490 | 1 |aRapport du Comité sénatorial permanent des banques et du commerce|v[39e législature, 1re session, 9e rapport] |
| 590 | |a11-12-Supp|b2011-07-29 |
| 775 | 08|tStemming the flow of illicit money - a priority for Canada : |w(CaOODSP)9.570717 |
| 830 | #0|aRapport du Comité sénatorial permanent des banques et du commerce ;|v[39e législature, 1re session, 9e rapport]|w(CaOODSP)9.501661 |
| 856 | 40|ahttp://publications.gc.ca|qPDF|s688 Ko|uhttps://publications.gc.ca/collections/collection_2011/sen/yc11-0/YC11-0-391-9-fra.pdf|y[39e législature, 1re session, 9e rapport] |